| 000 | 00863nam a2200229 a 4500 | ||
|---|---|---|---|
| 001 | 000005602 | ||
| 005 | 20250314113209.0 | ||
| 008 | 090820s1995 dr a 000 0 spa d | ||
| 040 |
_aDO-SdBNP _bspa _cBNPHU |
||
| 082 |
_a333.72 _bA452c |
||
| 100 | 1 |
_aAlmonte Morrobel, Ruben I. _915810 |
|
| 245 | 1 | 0 |
_aConservación de los recursos naturales y producción alimenticia / _cRuben I. Almonte Morrobel. |
| 260 |
_aSanto Domingo : _bSociedad Ecológica Perfil Ambiental, _c1995. |
||
| 300 |
_a240 p. : _bil. ; _a21 cm. |
||
| 490 | 1 | _aSociedad Ecológica "Perfil Ambiental". | |
| 504 | _aBibliografía : p. 227-229 | ||
| 590 | _aInventariado, 2018/LP | ||
| 650 | 0 |
_aConservación de los recursos naturales _91562 |
|
| 650 | 4 |
_aProducción alimenticia _915811 |
|
| 830 | 0 |
_aSociedad Ecológica "Perfil Ambiental". _915812 |
|
| 910 | _aValidado. Control de calidad. MFF | ||
| 999 |
_c5401 _d5401 |
||